The woman and the lyre : women writers in classical Greece and Rome
Αποθηκεύτηκε σε:
| Κύριος συγγραφέας: | |
|---|---|
| Μορφή: | Βιβλίο |
| Γλώσσα: | English |
| Δημοσίευση: |
Bristol :
Bristol Classical ,
1989
|
| Θέματα: | |
| Ετικέτες: |
Προσθήκη ετικέτας
Δεν υπάρχουν, Καταχωρήστε ετικέτα πρώτοι!
|
MARC
| LEADER | 00000nam a2200000 i 4500 | ||
|---|---|---|---|
| 001 | 1/61985 | ||
| 008 | 930915s1970 eng d | ||
| 020 | |a 1-85399-062-0 | ||
| 035 | |a ΛΕΣΒΟΣb10000953 |l 10000953 | ||
| 040 | |a GR-MY-UA |b gre |e aacr | ||
| 041 | 0 | |a eng | |
| 082 | 0 | |a 880.9 | |
| 100 | 1 | |a Snyder, Jane McIntosh. | |
| 245 | 1 | 4 | |a The woman and the lyre : |b women writers in classical Greece and Rome / |c Jane McIntosh Snyder |
| 260 | |a Bristol : |b Bristol Classical , |c 1989 | ||
| 300 | |a 199 p. | ||
| 504 | |a Includes bibliographical references and index | ||
| 650 | 0 | 0 | |a Classical literature. |
| 650 | 0 | 0 | |a Classical literature |x Women authors |x History and criticism. |
| 650 | 0 | 0 | |a Women and literature |z Greece. |
| 650 | 0 | 0 | |a Women and literature |z Rome. |
| 650 | 0 | 0 | |a Classical literature |x Women authors |x Translations into English. |
| 852 | |a INST |b LESVOS |e 19930915 |h 880.9 SNY |p 005100005154 |q 005100005154 |t BK |y 0 | ||
| 909 | |a Λ |b 024922 | ||